00970nam a2200181 a 450000100100000000500170001000800410002702000150006804000250008308200080010811001130011624500980022926001500032730000430047749000970052050000740061783000970069100004187520201002035815.0131018s1989 sp a 000 0 spa d a8400069846 aDO-SdBNPbspacBNPHU axxx1 aColoquio Hispano-Italianon(3 :d7-9 de junio de 1983cUniversidad de Santa María de La Rábida, Sevilla)10aPresencia italiana en Andalucia : Siglos XIV-XVII :bactas del III Coloquio Hispano-Italiano. aSevilla :bConsiglio nazionale delle ricerche : Consejo Superior de Investigaciones Científicas, Escuela de Estudios Hispano-Americanos,c1989. aviii, 533 p. :bil. ; 24 cm. ;c24 cm.1 aPublicaciones de la escuela de estudios hispano-americanos de la Universidad de Sevillav346 aIncluye referencias bibliográficas y notas al pie de las páginas. 0aPublicaciones de la escuela de estudios hispano-americanos de la Universidad de Sevillan346